Teória ekonómie blahobytu

Gespeichert in:
Bibliographische Detailangaben
1. Verfasser: Graaff, J. de V.
Format: Buch
Sprache:Slowakisch
Veröffentlicht: Bratislava Nakladateľstvo ALFA 1970
Schlagworte:
Tags: Tag hinzufügen
Keine Tags, Fügen Sie das erste Tag hinzu!

MARC

LEADER 00000nam a2200000 4500
001 0299298
005 20240416113610.6
041 0 |a slo 
044 |a SK 
245 1 0 |a Teória ekonómie blahobytu  |c J. de V. Graaff 
264 1 |a Bratislava  |b Nakladateľstvo ALFA  |c 1970 
300 |a 185 s. 
610 2 0 |a teórie ekonomické 
610 2 0 |a blahobyt 
610 2 0 |a investície 
610 2 0 |a prostriedky výrobné 
610 2 0 |a obchod zahraničný 
610 2 0 |a dôchodky 
610 2 0 |a indexy 
100 1 |a Graaff, J. de V.